000 00787nam a2200277Ia 4500
003 OSt
005 20220923223230.0
006 a|||||r|||| 00| 0
007 ta
008 220922b |||||||| |||| 00| 0 hin d
020 _c5
024 _a212,425
037 _cTextual
040 _aARTS
_cARTS
_bhin
041 _2hin
_ahin
082 _aO152,3N218x, J5;L7
100 _aअमृत राय
245 0 _aइतिहास
246 _aItihāsa
250 _aसंस्क 3
260 _aइलाहाबाद
_b हंस प्रका0
_c1977
300 _a180पृ.
_ccm.
650 _aहिन्दी साहित्य
_9156264
942 _hO152,3N218x, J5;L7
_cTEXL
_2CC
999 _c362699
_d362699